|
|
|
|
| LEADER |
00000nam0a2200000 4500 |
| 001 |
217056 |
| 005 |
20231101230102.0 |
| 010 |
|
|
|a 1405833483
|
| 035 |
|
|
|a (RuTPU)RU\TPU\book\237032
|
| 035 |
|
|
|a RU\TPU\book\22353
|
| 090 |
|
|
|a 217056
|
| 100 |
|
|
|a 20120531d2006 m y0engy50 ba
|
| 101 |
0 |
|
|a eng
|
| 102 |
|
|
|a GB
|
| 105 |
|
|
|a y j 000ay
|
| 200 |
1 |
|
|a Crime and Punishment
|f F. Dostoevsky
|g retold by N. Taylor
|
| 210 |
|
|
|a Harlow
|c Penguin Books
|d 2006
|
| 215 |
|
|
|a 110 p.
|c il.
|
| 225 |
1 |
|
|a Penguin Readers
|v Level 6
|
| 320 |
|
|
|a Word List: p. 110-111.
|
| 606 |
1 |
|
|a Английский язык
|x Учебные руководства и пособия
|x Хрестоматии, книги для чтения
|2 stltpush
|3 (RuTPU)RU\TPU\subj\29075
|9 52487
|
| 610 |
1 |
|
|a русская литература
|
| 610 |
1 |
|
|a психологическая проза
|
| 610 |
1 |
|
|a романы
|
| 610 |
1 |
|
|a 19 век
|
| 686 |
|
|
|a Ш143.21-923.8
|v LBC/SL-A
|2 rubbk
|
| 700 |
|
1 |
|a Dostoevsky
|b F.
|g Fyodor
|
| 702 |
|
1 |
|a Taylor
|b N.
|g Nancy
|4 220
|
| 801 |
|
0 |
|a GB
|b 63413507
|c 20011209
|g PSBO
|
| 801 |
|
2 |
|a RU
|b 63413507
|c 20120606
|g PSBO
|
| 942 |
|
|
|c BK
|